| 000 | 01171nam a22003497a 4500 | ||
|---|---|---|---|
| 003 | CHAP | ||
| 005 | 20220329141052.0 | ||
| 008 | 971013s1996 r 00010 d | ||
| 010 | _a62142 | ||
| 011 | _a63114 | ||
| 035 | _a67290 | ||
| 040 | _cCHAP | ||
| 082 |
_a581.13345 _bS44 |
||
| 100 | 0 | 0 |
_aShewry, Peter R. _eed. _9105677 |
| 245 | _aProtein phosphorylation in plants | ||
| 260 |
_aOxford : _bClarendon, _c1996 |
||
| 300 |
_a320 p. _b: ilus. |
||
| 490 |
_aProceeding of the Phytochemical Society Europe _v; 39 |
||
| 590 |
_aBATCH-UPD _b10 _c20130110 _lUCH01 _h0503 |
||
| 590 |
_aBATCH-UPD _b10 _c20130110 _lUCH01 _h2154 |
||
| 590 |
_aBATCH-UPD _b10 _c20130410 _lUCH01 _h0141 |
||
| 590 |
_aBATCH-UPD _b10 _c20130914 _lUCH01 _h1432 |
||
| 590 |
_aCONVERSION _b10 _c20130109 _lUCH01 _h1333 |
||
| 650 | 1 | 4 |
_aFosfoproteĆnas. _942671 |
| 650 | 1 | 4 |
_aProteĆnas vegetales. _992460 |
| 700 | 0 |
_aHalford, Nigel G. _eed. _952287 |
|
| 700 | 0 |
_aHooley, Richard _eed. _956169 |
|
| 830 | 0 |
_aProceeding of the Phytochemical Society Europe _v; 39 _991713 |
|
| 901 | _aBK | ||
| 942 | _cLIBRO | ||
| 949 |
_a581.13345 S44 _bBC _cLIBRO _d33724000630836 _eLIBRO _gI. 185422 _h91696 _i67290 _si _t1072.50 |
||
| 999 |
_c62142 _d62142 |
||